La Situación demográfica de Costa Rica
Gorde:
| Egile nagusia: | |
|---|---|
| Erakunde egilea: | |
| Formatua: | Texto |
| Argitaratua: |
San José:
ADC
|
| Etiketak: |
Etiketa erantsi
Etiketarik gabe, Izan zaitez lehena erregistro honi etiketa jartzen!
|
MARC
| LEADER | 00000 a a2200000 04500 | ||
|---|---|---|---|
| 001 | 25771 | ||
| 003 | |||
| 040 | |a CRAI/IIS |c CRAI/IIS | ||
| 090 | |a 173900 | ||
| 100 | |a Rosero Bixby, Luis | ||
| 110 | |a Asociación Demográfica Costarricense, División de Investigaciones Sociodemograficas | ||
| 245 | |a La Situación demográfica de Costa Rica | ||
| 260 | |a San José: |b ADC | ||
| 300 | |a 89 p |b **no definido** | ||
| 999 | |c 2746 |d 2746 | ||
